| 000 | 01054cam a2200301 i 4500 | ||
|---|---|---|---|
| 001 | 2281009 | ||
| 003 | ARRUPE | ||
| 005 | 20150910091205.0 | ||
| 008 | 790606s1979 ne b 001 0 eng | ||
| 010 | _a 79015961 | ||
| 020 | _a9027709947 | ||
| 020 | _a9027709955 (pbk.) | ||
| 040 |
_aDLC _cDLC _dDLC |
||
| 050 | 0 | 0 |
_aQ174 _b.B67 vol. 59 _aQ175 |
| 082 | 0 | 0 |
_a501 s _a500 |
| 245 | 0 | 4 |
_aThe Structure and development of science / _cedited by Gerard Radnitzky and Gunnar Andersson. |
| 260 |
_aDordrecht ; _aBoston : _bD. Reidel Pub. Co., _cc1979. |
||
| 300 |
_aix, 282 p. ; _c23 cm. |
||
| 440 | 0 |
_aBoston studies in the philosophy of science ; _vv. 59 _919531 |
|
| 490 | 0 | _aSynthese library ; v. 136 | |
| 500 | _aHeelan, Patrick A. - The lattice of growth in knowledge p. 205-212 | ||
| 650 | 0 |
_aScience _xPhilosophy. _919532 |
|
| 650 | 0 |
_aScience _xHistory. _919533 |
|
| 700 | 1 |
_aRadnitzky, Gerard. _914252 _eed. |
|
| 700 | 1 |
_aAndersson, Gunnar, _d1942- _914254 _eed. |
|
| 906 |
_a7 _bcbc _corignew _d1 _eocip _f19 _gy-gencatlg |
||
| 942 |
_2lcc _cMONOGRAPH |
||
| 999 |
_c123305 _d123305 |
||